| 000 | nam a22 a 4500 | ||
|---|---|---|---|
| 999 |
_c2162 _d2162 |
||
| 003 | AKMAL | ||
| 005 | 20170515144058.0 | ||
| 008 | 170515s1994 my a00 may d | ||
| 020 |
_a9836243267 (kkt.): _cRM 20.00 |
||
| 040 |
_aAKMAL _cAKMAL |
||
| 082 | 0 | 4 | _a371.1 NIA |
| 090 |
_a371.1 _bNIA |
||
| 100 | 1 |
_aNiami, Abd Allah al-Amin _94532 |
|
| 245 | 1 |
_aKaedah dan teknik pengajaran menurut Ibn Khaldun dan Al-Qabisi / _cAbdullah Al-Amin Al-Na'miy ; penterjemah Mohd. Ramzi Omar |
|
| 260 |
_aKuala Lumpur : _bDewan Bahasa dan Pustaka, _c1994 |
||
| 300 |
_axx, 309ms. ; _c22cm |
||
| 500 | _aMengandungi indeks | ||
| 500 | _aTerjemahan dari : al-Manahij wa turuq al-ta'lim 'inda wa Ibn Khaldun.- Misurata, Libya ; Jamahiriya House, [19--] | ||
| 500 | _aMengandungi ayat-ayat dari al-Quran | ||
| 504 | _aBibliografi: ms. [297]-303 | ||
| 650 |
_aTeaching _94533 |
||
| 650 |
_aTeaching _xReligious aspects _xIslam _94534 |
||
| 700 | 1 |
_aIbn Khaldun, 'Abd al-Rahman ibn Muhammad, _d1332-1406 _94535 |
|
| 700 | 1 |
_aQabisi, Ali ibn Muhammad, _d936-1012 _94536 |
|
| 700 | 0 |
_aMohd. Ramzi Omar _94537 |
|
| 942 |
_2ddc _cBOOK |
||